000 01050cab a22002055a 4500
001 L143582
008 080520s2008 xxk f 000 0 eng d
035 _a(Sirsi) u143582
041 0 _aeng
100 1 _aRostron, Jack
245 0 0 _aProtocol for accessing access to commercial property (particularly offices and shops) for people with disabilities
260 _c2008
490 0 _aJournal of Retail and Leisure Property
_v7(2), 113-118(16)
520 _aProvides design guidance to professional advisers, owners, occupiers and developers of commercial property (especially offices) to meet the needs of people with disabilities. Provides a systematic and measured way to evaluate a building. Includes a survey sheet (checklist of questions) to help assess the suitability of an existing building and what adaptations are needed.
590 _aKA
650 2 4 _aDISABILITY DISCRIMINATION ACT 1995
651 4 _aUnited Kingdom
_y
690 _aMANAGEMENT-BUSINESS MANAGEMENT-DISCRIMINATION-DISABILITY DISCRIMINATION-ACCESSIBILITY
942 _n0
999 _c80231
_d80231